000 00324nam a2200133Ia 4500
008 230818s2003 xx 000 0 und d
041 _aeng
100 _aAnderws
245 _aHotel House Keeping Service Mannual
260 _bTata Mc. Garth
_c2003
300 _a136p
520 _aGeneral
999 _c851779
_d851779
650 _aHotel Housekeeping